Sports Quiz

Random Sports Quiz

Pundit Arena Daily Sports Quiz Challenge – Day 351 Stats

 Plays Quiz not verified by Sporcle

Support Sporcle.
Go Orange.
Score 0/20 Timer 05:00
0 Plays Today
Hint Answer % Correct
Year Andy Murray won his first Wimbledon Men's Singles title2013
94.9%
1998 FIFA World Cup winnersFrance
92%
Who won the 2002 FA Cup?Arsenal
86.8%
Current Aston Villa club captainJack Grealish
82.2%
1994/95 Premier League championsBlackburn Rovers
80.7%
2003 Rugby World Cup winnersEngland
77.4%
Current Burnley managerSean Dyche
76.2%
NFL team based in MiamiDolphins
74.9%
Year Ronan O'Gara won first Ireland cap2000
71.8%
Which snooker player won the 2020 World Championship?Ronnie O'Sullivan
70.4%
Hint Answer % Correct
2007 Ballon d'Or winnerKaka
61.6%
Championship side who play their home games at the City GroundNottingham Forest
57.4%
NBA team based in DenverNuggets
55.6%
Current England Test Cricket captainJoe Root
50%
Current head coach of Irish rugby teamAndy Farrell
48.9%
2008 All-Ireland Gaelic football championsTyrone
34.5%
Team currently top of League OneHull City
33.9%
Golfer who won 2017 Open ChampionshipJordan Spieth
30.6%
Rachael Blackmore won the Grand National aboard Minella Times but who trains the horse?Henry de Bromhead
30.5%
Leinster signed Michael Alaalatoa from which Super Rugby team?Crusaders
24.2%

You're not logged in!

Compare scores with friends on all Sporcle quizzes.
OR
Log In

From the Vault

'D'-ifficult Images

by sproutcm

The letter D is known to get unruly at times.
Remove Ads.
Support Sporcle.
Get the best of Sporcle when you Go Orange. This ad-free experience offers more features, more stats, and more fun while also helping to support Sporcle. Thank you for becoming a member.

Show Comments

Extras

Created Apr 12, 2021ReportNominate
Tags:arena, challenge, Daily, pundit

Top Quizzes Today


Score Distribution

Your Account Isn't Verified!

In order to create a playlist on Sporcle, you need to verify the email address you used during registration. Go to your Sporcle Settings to finish the process.

Report this User

Report this user for behavior that violates our Community Guidelines.

Details: